[Event "Nanjing Pearl Spring 2nd"]
[Site "Nanjing"]
[Date "2009.10.09"]
[Round "10"]
[White "Topalov, Veselin"]
[Black "Radjabov, Teimour"]
[Result "1/2-1/2"]
[WhiteElo "2813"]
[BlackElo "2757"]
[Annotator "Krasenkow,M"]
[PlyCount "189"]
[EventDate "2009.09.28"]
[EventType "tourn"]
[EventRounds "10"]
[EventCountry "CHN"]
[EventCategory "21"]
[SourceTitle "CBM 133"]
[Source "ChessBase"]
[SourceDate "2009.11.19"]
[SourceVersion "1"]
[SourceVersionDate "2009.11.19"]
[SourceQuality "1"]

1. d4 Nf6 2. c4 g6 3. Nc3 Bg7 4. e4 d6 5. Nf3 O-O 6. Be2 e5 7. O-O Nc6 8. d5
Ne7 9. Ne1 Nd7 10. Be3 f5 11. f3 f4 12. Bf2 g5 13. Rc1 Ng6 14. c5 Nxc5 15. b4
Na6 16. Nd3 Rf7 17. Nb5 b6 {[%mdl 32] A passive move. Black renounces his
attacking chances and hopes that his position, with an extra pawn, will be
solid enough to stand White's pressure.} (17... Bd7 {is the most popular move
in this position.}) (17... h5 {and}) (17... Bf8 {have been seen in practice,
too.}) 18. Be1 (18. Qa4 $6 h5 19. h3 Bh6 20. Rc3 Rg7 21. Rfc1 g4 22. fxg4 f3
23. gxf3 Bxc1 24. Rxc1 Qg5 $36 {0-1 Broniek,M-Tasic,V/LSS 2008/Telechess CBM
125 (49)}) (18. Rc3 $5 Qd7 (18... h5 $6 19. Kh1 Bf6 20. a4 Qd7 21. Qc2 g4 22.
Rc1 Bd8 $2 23. Nxd6 $1 Qxd6 24. Rc6 $18 {1-0 Karner,C (2181)-Sandhoefner,F 
(2233)/Aschach 1999/CBM 073 ext (34)}) 19. a4 Bf6 20. Qc2 Bd8 21. Rc1 Bb7 {
is similar to the game} (21... h5 $2 22. Nxd6 Qxd6 23. Rc6 $18 {1-0 Van Elst,A
(2263)-Zimmerman,Y (2375)/Condom 2005/CBM 107 ext (50)})) 18... Bf6 19. Nf2 h5
20. h3 (20. a3 Qd7 21. Rc3 Bd8 22. Qc2 Nb8 23. a4 a6 24. Na3 Qe8 25. Nc4 Bb7
26. Bd2 Nd7 27. Rc1 Nf6 28. Be1 Rg7 29. h3 Nh8 {1/2 Nielsen,P (2651)-Likavsky,
T (2492)/Germany 2007/CBM 123 (72) - White tried hard but failed to break down
Black's defence.}) 20... Bb7 21. Rc2 Qd7 22. Qd3 Bd8 {This is Black's plan. He
will now just sit and wait.} 23. Bd2 Nb8 24. Rfc1 Ba6 25. Rc3 Rg7 26. Ra3 Ne7
27. Be1 Nc8 28. Rac3 Rh7 29. Nd1 Rg7 30. Bf2 Kh7 31. Nb2 Kh6 32. Kf1 {White
removes his king from the kingside to avoid a possible counter-attack.} Kh7 33.
Ke1 Kh6 34. R3c2 Rf7 35. Nd1 Rg7 36. Bf1 Kh7 37. Rc3 Kg8 38. R1c2 Kh7 39. Kd2
Kg8 40. Kc1 Kh7 41. Kb2 Kg8 42. Rc1 Kh7 43. R3c2 Kg8 44. Ndc3 Qe8 45. Nb1 Bxb5
{Black must now exchange this knight, otherwise after Nb1-a3 and Qd3-d2 he
will have problems protecting his c7-pawn.} 46. Qxb5 Qf8 $5 ({In the event of} 
46... Qxb5 47. Bxb5 Kf8 (47... a5 $143 48. a3 {with the following plan:
Nb1-d2-c4 to force ...a5xb4 and then seize the a-file}) 48. Nd2 a6 {(this will
be forced anyway)} 49. Be2 Kg8 {I would suggest the following plan: Rc3, the
king goes back to the kingside to protect the g2 pawn in case of ...
Nc8-e7-g6-h4 (without queens Black's attack is not dangerous anymore), then
Rc3-a3-a4 and Rc1-c3-a3 attacking the a6 pawn. Alternatively, instead of the
king march, White can transfer his knight to e1. Black probably couldn't find
a good defence over the board and decided to evade the queen exchange. Now any
queenside attack will expose the white king. However, White carries out a
similar plan of attacking the a-pawn.}) 47. Na3 a6 48. Qa4 Ra7 49. Qb3 Ra8 50.
Nb1 Qe8 51. Nc3 Ra7 52. Be2 Kf8 53. Rd1 Qd7 54. Ka1 Qe8 55. Rdc1 Qd7 56. Rb2
Qe8 57. Qd1 Rb7 58. Qf1 b5 {Alas, Black can't keep his pawn structure.} (58...
Ra7 59. Rb3 {[%cal Yb3a3]}) 59. a4 bxa4 60. Bxa6 Nxa6 61. Qxa6 Rb8 62. Nxa4 {
White has recaptured the sacrificed material. He will now use his b-pawn to
undermine Black's pawn chain. GM Teimour Radjabov decides to start counterplay.
} g4 63. hxg4 hxg4 64. Kb1 Qd7 65. Nc3 Ne7 66. b5 Qc8 (66... gxf3 67. gxf3 Qh3
68. b6 cxb6 (68... Qxf3 $2 69. b7) 69. Qd3 {[%cal Yc3b5]}) 67. Qa3 (67. Qxc8
Nxc8 68. Na4 Ra8 69. Rb4 gxf3 70. gxf3 Rg2 $132) 67... Ra8 68. Qb4 Qd7 69. b6
cxb6 70. Nb5 Rg6 {Holding on doggedly.} 71. Be1 Kg8 72. Qb3 Kf8 $6 {
Essentially a loss of time.} (72... Rc8 $142) 73. Qd3 Kg8 74. Bb4 Rc8 (74...
gxf3 75. gxf3 Rc8 76. Rh1 $40 {[%cal Yb2h2]}) 75. Rbc2 {At this moment White
could have simply taken the pawn as Black couldn't recapture it:} (75. fxg4 {
e.g.} Rxc1+ 76. Kxc1 Nc8 77. Qc4 Na7 78. Nxa7 Qxa7 79. Qc8 Qe7 80. Ra2 Kh7 (
80... Qc7+ 81. Rc2 $1) 81. Kb1 Qc7 82. Qf5 $36) 75... Rxc2 76. Rxc2 Nc8 {
[%cal Yc8a7] Black could hardly "stand" as White would invade along the a-file,
e.g.} (76... gxf3 77. gxf3 Rh6 78. Kb2 Rg6 79. Kb3 {[%cal Yc2a2]} Kg7 80. Ra2
$1 Nc8 81. Qc4 Rg3 82. Ra8 Rxf3+ 83. Ka4 $18) 77. Kb2 $6 {After this "soft"
move Black simplifies the position and equalizes.} (77. Rc6 $5 {was a good
chance, e.g.} Na7 78. Nxa7 (78. Rxd6 $143 Rxd6 79. Nxd6 Be7 80. Qa3 Bxd6 81.
Bxd6 Qb5+) 78... Qxa7 79. Bxd6 ({or} 79. Rxd6 Rxd6 80. Bxd6 b5 81. Qd2) 79...
gxf3 80. gxf3 Rg1+ 81. Rc1 Rxc1+ (81... Rg2 82. Qb3) 82. Kxc1 Qa1+ 83. Kc2 Qa2+
84. Kc3 {keeping a strong passed pawn.}) (77. Qc4 $1 {was probably even
stronger} Na7 $140 (77... gxf3 78. gxf3 Ne7 79. Kb2 {[%cal Yb2b3,Yc2a2]}) 78.
Nxd6 $1 (78. Nxa7 $5 Qxa7 79. Qc8 Qe7 80. fxg4) 78... Rxd6 (78... b5 79. Qa2)
79. Bxd6 Qxd6 80. Qa4 Qe7 81. d6 $1 Qxd6 82. Qxa7 $16) 77... gxf3 78. gxf3 Na7
$1 79. Nxa7 Qxa7 80. Qb5 Kf7 81. Rh2 Be7 $11 82. Rc2 $6 (82. Rh7+ Kg8 (82...
Kf6 83. Qe8 Rg2+ 84. Bd2 Rxd2+ 85. Kc1 Qa1+ $11) 83. Rh2 $11) 82... Rg8 $1 {
Black suddenly captures the initiative.} 83. Kb3 Ra8 84. Qc6 b5 $5 85. Qxb5 Rb8
86. Qc6 Qg1 87. Qc3 $2 (87. Rc1 Qf2 88. Qc3 Ra8 89. Ba3 Bd8 90. Rc2 $15) 87...
Qb1+ $2 {Black misses a nice win:} (87... Qd1 $1 {tying up the white pieces}
88. Kb2 Kf6 $1 89. Ka3 (89. Rc1 $2 Qa4) (89. Kb3 Bd8 {[%cal Rd8b6,Rd8a5]})
89... Ra8+ 90. Kb3 Kf7 $22 91. Ba3 (91. Kb2 Qa1+ 92. Kb3 Qa4+ 93. Kb2 Rb8)
91... Rb8+ 92. Bb4 (92. Ka4 Rb7 93. Bb4 Bh4 94. Ka3 Be1 $19) 92... Bd8 $19 {
[%csl Rb3,Rf3] ->}) 88. Rb2 Qd1+ (88... Qa1 89. Rd2) 89. Ka2 {White safely
consolidates his position.} Rh8 90. Ba3 Rh1 91. Qc8 $1 Qa1+ 92. Kb3 Qd1+ 93.
Ka2 Qa1+ 94. Kb3 Qd1+ 95. Ka2 1/2-1/2

[Event "EU-chT (Men) 17th"]
[Site "Novi Sad"]
[Date "2009.10.22"]
[Round "1"]
[White "Radjabov, Teimour"]
[Black "Ragger, Markus"]
[Result "1/2-1/2"]
[WhiteElo "2757"]
[BlackElo "2561"]
[PlyCount "67"]
[EventDate "2009.10.22"]
[EventType "team-swiss"]
[EventRounds "9"]
[EventCountry "YUG"]
[SourceTitle "CBM 133"]
[Source "ChessBase"]
[SourceDate "2009.11.19"]
[SourceVersion "1"]
[SourceVersionDate "2009.11.19"]
[SourceQuality "1"]
[WhiteTeam "Azerbaijan"]
[BlackTeam "Austria"]
[WhiteTeamCountry "AZE"]
[BlackTeamCountry "AUT"]

1. Nf3 d5 2. c4 c6 3. e3 Nf6 4. Nc3 e6 5. b3 Bd6 6. Bb2 O-O 7. Qc2 e5 8. d4
exd4 9. Nxd4 a6 10. Rd1 Bg4 11. Be2 Bxe2 12. Ndxe2 Qa5 13. O-O Qc7 14. Nxd5
cxd5 15. Bxf6 dxc4 16. Nc3 cxb3 17. Qxb3 gxf6 18. Nd5 Qc6 19. Nxf6+ Kg7 20.
Nh5+ Kh8 21. Rd5 Bc7 22. Rfd1 a5 23. Qb2+ f6 24. Qa3 Qe8 25. Qb2 Be5 26. Qxb7
Qxh5 27. Qxa8 Qxh2+ 28. Kf1 Qh1+ 29. Ke2 Qxg2 30. Qxa5 Qg4+ 31. Kf1 Qh3+ 32.
Ke2 Qg4+ 33. Kf1 Qh3+ 34. Ke2 1/2-1/2

[Event "EU-chT (Men) 17th"]
[Site "Novi Sad"]
[Date "2009.10.23"]
[Round "2"]
[White "Adams, Michael"]
[Black "Radjabov, Teimour"]
[Result "0-1"]
[WhiteElo "2682"]
[BlackElo "2757"]
[Annotator "Radjabov,T"]
[PlyCount "94"]
[EventDate "2009.10.22"]
[EventType "team-swiss"]
[EventRounds "9"]
[EventCountry "YUG"]
[SourceTitle "CBM 133"]
[Source "ChessBase"]
[SourceDate "2009.11.19"]
[SourceVersion "1"]
[SourceVersionDate "2009.11.19"]
[SourceQuality "1"]
[WhiteTeam "England"]
[BlackTeam "Azerbaijan"]
[WhiteTeamCountry "ENG"]
[BlackTeamCountry "AZE"]

{Our match vs England was hard for us. When my game with Michael was going to
be over, the score was 1.5-1.5 almost - as on the 3rd board we had a very good
position in the middlegame. But, due to the over-ambitious play by Black, it
ended in a very unpleasant endgame for our 3rd board, so the game was almost
lost. I had a very good position and pleasant pressure in the endgame, and so
I had to win the game, to decide the outcome of the match...  But all this
came later, in the 4th hour of play.. for the moment the game has just started.
} 1. e4 c5 2. Nf3 Nc6 3. Bb5 {I have already had many encounters with Michael
in this system. One more...} e6 4. c3 d5 $5 5. Qe2 a6 6. Bxc6+ bxc6 {Now the
structure is more or less clarified. It seems that White has to go for closing
the centre by d3 and c4, to exploit the c5-weakness and restrict the bishops,
but things are far from simple.} 7. d3 Ne7 8. c4 {That plan is dcompleted.} Ng6
9. O-O Bd6 {Sacrificing d5 in return for activity with my bishops activity.
Michael replied instantly with:} 10. e5 Bc7 {And after this move, he started
to think a bit, but still played Nc3 quite fast, I think that Black's
initiative on the kingside is hard to meet anyway.} 11. Nc3 O-O 12. Na4 (12.
Bg5 $5 f6 13. exf6 gxf6 14. Bh6 Re8 (14... Rf7 $5 15. Na4 Bf4 16. Bxf4 Nxf4 17.
Qe3 e5 18. Nxc5 d4 19. Qe4 Qd6 20. Na4 Bh3 21. gxh3 f5 $19) 15. Na4 Bd6 $5 {
And then ...e5-e4 to come.} (15... Qd6 $5) (15... e5 16. cxd5 cxd5 17. Nxc5 Qe7
(17... Qd6 18. Rfc1 Bb6 $13) 18. Rfc1 Bd6 (18... Bg4 $2 19. h3 Bh5 20. g4 $18)
19. b4 a5 $11)) 12... f6 $1 13. exf6 Qxf6 14. Bg5 $5 (14. Nxc5 $5 e5 $1 15.
cxd5 (15. Bg5 $4 Qd6 $1 {and White loses a piece as e4 comes next.} 16. Na4 e4
17. dxe4 Rxf3 $19) 15... cxd5 16. Bg5 Qd6 17. Rfc1 h6 $1 $15 {with Bg4 or e4
to follow.}) 14... Qf5 {This seemed more natural to me.} (14... Qf7 $5 15. Nxc5
e5 $15 16. cxd5 cxd5 17. Rac1 Bd6 {and Rb8 with Bg4, Black is doing very well
here.}) 15. Bh4 {Michael had thought for a very long time before Bg5, so he
played this move fast. It looks surprising to allow Nf4 here, but I guess he
didn't like the position after e5 and Qh5 + Bg4 + e4 with White.} (15. Nxc5 Bd6
(15... Bf4 $5 {This move is quite natural as after} 16. Bh4 (16. Bxf4 Nxf4 17.
Qd2 Nxg2 $17) (16. h4 Bxg5 17. Nxg5 h6 18. Ngxe6 Re8 $17) 16... Bd6 $5 {
and Nf4 and in fact it is not sure if c5 really favours White as the bishops
are opened now.} (16... dxc4)) (15... e5 $5 16. cxd5 cxd5 17. Rac1 h6 18. Na4
hxg5 (18... Bb8 $5 $15) 19. Rxc7 Qg4 $15) 16. Nb3 e5 $15) 15... Nf4 $1 (15...
Qh5 16. Bg3 e5 17. Nd4 Bg4 (17... Qxe2 18. Nxe2 Bf5 19. Rfd1 Rab8 20. b3 Bd6
$13 {I don't feel Black has anything real here.}) 18. f3 cxd4 19. fxg4 Qg5 20.
cxd5 cxd5 21. Rxf8+ Rxf8 22. Nc5 Qe3+ 23. Qxe3 dxe3 $15) (15... Bxh2+ 16. Kxh2
Qh5 {-> But without the dark-squared bishop I think White has an ok position
as Nb6 xc5 and xe5. It's impossible to win here with Black as the bishop c8 is
not moving.}) (15... e5 16. Bg3 Nf4 $15) 16. Qe3 Nxd3 (16... d4 17. Qe4 Nxd3
18. Qxf5 Rxf5 19. Rad1 Nf4 $15 {But not as strong as in the game.}) 17. Bg3 $1
Bf4 (17... d4 $5 18. Qe2 Nf4 $5 {would be very interesting too!} (18... Ra7 $15
) 19. Bxf4 d3 20. Qe3 Bxf4 21. Qxc5 e5 $15) 18. Qe2 (18. Bxf4 Nxf4 $1 $19 (
18... d4 $5 19. Nh4 $1 {Seemed unclear to me during the game, due to the
c8-bishop.} dxe3 20. Nxf5 exf2+ 21. Kh1 (21. Rxf2 Rxf5 22. Nb6 Nxf2 23. Bg3 Ra7
24. Nxc8 $15) 21... exf5 22. Be3 Re8 23. Bxf2 Re2 $15)) 18... Rb8 (18... e5 $1
{The best move here; Black wins easily. Rb8 seemed more technical and good
during the game, but e5 just wins by force it seems.} 19. cxd5 cxd5 20. Nb6 Ra7
$3 21. Nxd5 {Now as the rook is on a7 the e7-square is controlled and} e4 $19 {
winning a piece.}) 19. Qc2 dxc4 $5 (19... e5 $5 {deserved serious attention.}
20. Bxf4 Qxf4 21. Qxd3 e4 22. Qd2 exf3 $17) 20. Rad1 (20. Qxc4 Rb4 21. Qc2 Nxb2
$19) 20... Bxg3 (20... Rb4 $5 {Probably the best!} 21. b3 e5 22. Nd2 Be6 $19)
21. fxg3 Nxb2 $1 22. Qxf5 exf5 23. Rb1 c3 24. Nxc3 Be6 $6 {This is very
natural, but Rb7 was much stronger!} (24... Rb7 $1 25. Ne5 Re8 26. Nxc6 Nc4 $19
) 25. Ne5 Rfc8 (25... Nc4 $5 26. Rxb8 Rxb8 27. Nxc4 Bxc4 28. Rxf5 Rf8 $19) 26.
Rfe1 Rb4 $1 27. Re2 Nc4 $6 (27... Na4 $1 28. Rc1 c4 $19) 28. Rbe1 Nxe5 29. Rxe5
Bd5 {A tricky move, but now Michael had to go for} 30. Rxf5 (30. Nxd5 $1 cxd5
31. Rxd5 g6 32. Rd7 Rcb8 33. Ree7 Rb1+ 34. Kf2 R8b2+ $19 {White still has
chances to survive.}) 30... Rd4 $1 31. Rc1 c4 $1 {Fixing the structure, now
the technical part lies ahead!} 32. Rf2 Re8 $1 33. Rb2 Rd3 34. Kf2 Rf8+ 35. Kg1
Re8 36. Kf2 h6 37. g4 Kh7 38. h3 Re6 39. Rcc2 Ree3 40. Ne2 Re7 {Now after the
control, Black starts the final phase.} 41. Nc3 a5 $1 42. Rb1 Ree3 43. Ne2 Re6
44. Rbc1 a4 $1 45. Nc3 a3 $1 46. Nb1 Re7 $3 {And now either Rb7-b2 or...} 47.
Nd2 (47. Nc3 Rf7+ 48. Kg1 Rb7 49. Rb1 Rxc3 $19) (47. Rc3 Rb7 (47... Rf7+ 48.
Kg1 Rb7 49. Nxa3 Rb4 {And Ra4 with a win or} (49... Rb2 50. Nxc4 Rxg2+ 51. Kf1
Rd4 52. Ne3 Rh2 53. Nxd5 cxd5 54. Kg1 Rdd2 55. Rg3 Rxa2 $19)) 48. Nxa3 Rd2+ 49.
Ke3 Rxa2 50. Nxc4 Rxg2 51. Na5 Rb4 $19) 47... Bxg2 $1 {Here Michael resigned
as he is 2 pawns down with his king in the center and a hopeless position. We
won the match and I think I played an interesting game.} 0-1

[Event "EU-chT (Men) 17th"]
[Site "Novi Sad"]
[Date "2009.10.26"]
[Round "5"]
[White "Jobava, Baadur"]
[Black "Radjabov, Teimour"]
[Result "1-0"]
[WhiteElo "2696"]
[BlackElo "2757"]
[PlyCount "147"]
[EventDate "2009.10.22"]
[EventType "team-swiss"]
[EventRounds "9"]
[EventCountry "YUG"]
[SourceTitle "CBM 133"]
[Source "ChessBase"]
[SourceDate "2009.11.19"]
[SourceVersion "1"]
[SourceVersionDate "2009.11.19"]
[SourceQuality "1"]
[WhiteTeam "Georgia"]
[BlackTeam "Azerbaijan"]
[WhiteTeamCountry "GEO"]
[BlackTeamCountry "AZE"]

1. d4 Nf6 2. c4 g6 3. Nc3 Bg7 4. e4 d6 5. f4 c5 6. d5 e6 7. Nf3 exd5 8. cxd5
O-O 9. Be2 Nbd7 10. Nd2 Re8 11. O-O c4 12. Kh1 Nc5 13. e5 dxe5 14. fxe5 Rxe5
15. Nxc4 Re8 16. Bg5 h6 17. Bxf6 Bxf6 18. Nb5 a6 19. Nbd6 Rf8 20. b4 Na4 21.
Rc1 Nc3 22. Qd2 b5 23. Rxc3 bxc4 24. Ne4 Bxc3 25. Qxc3 f5 26. Nc5 Qd6 27. Bxc4
Kh7 28. Re1 a5 29. a3 axb4 30. axb4 Ra7 31. Ne6 Bxe6 32. Rxe6 Qf4 33. h3 Rfa8
34. Ba6 Rc7 35. Rc6 Rxc6 36. Qxc6 Rxa6 37. Qb7+ Kg8 38. Qxa6 Qc1+ 39. Kh2 Qf4+
40. Kg1 Qe3+ 41. Kf1 Qf4+ 42. Ke2 Qe4+ 43. Kd2 Qxb4+ 44. Kd3 Qe4+ 45. Kc3 Qe5+
46. Kb4 Qd4+ 47. Qc4 Qb6+ 48. Qb5 Qd4+ 49. Kb3 Qe5 50. Kc4 f4 51. Kc5 Qc3+ 52.
Kb6 Qe3+ 53. Kc7 Qe5+ 54. Kc8 Qf5+ 55. Qd7 Qc2+ 56. Kb8 Qb2+ 57. Qb7 Qe5+ 58.
Kc8 Qf5+ 59. Kc7 Qf7+ 60. Kb8 Qf6 61. Qc8+ Kf7 62. Qc7+ Kf8 63. d6 Qb2+ 64. Qb7
Qe5 65. Qc6 g5 66. Kb7 h5 67. Qc8+ Kf7 68. Qc7+ Kf8 69. Kc8 Qf5+ 70. d7 g4 71.
Qb6 f3 72. Kc7 Qf7 73. Qh6+ Kg8 74. Kd6 1-0

[Event "EU-chT (Men) 17th"]
[Site "Novi Sad"]
[Date "2009.10.30"]
[Round "9"]
[White "Smeets, Jan"]
[Black "Radjabov, Teimour"]
[Result "1/2-1/2"]
[WhiteElo "2642"]
[BlackElo "2757"]
[PlyCount "39"]
[EventDate "2009.10.22"]
[EventType "team-swiss"]
[EventRounds "9"]
[EventCountry "YUG"]
[SourceTitle "CBM 133"]
[Source "ChessBase"]
[SourceDate "2009.11.19"]
[SourceVersion "1"]
[SourceVersionDate "2009.11.19"]
[SourceQuality "1"]
[WhiteTeam "Netherlands"]
[BlackTeam "Azerbaijan"]
[WhiteTeamCountry "NED"]
[BlackTeamCountry "AZE"]

1. e4 c5 2. Nf3 d6 3. d4 cxd4 4. Nxd4 Nf6 5. Nc3 g6 6. Be3 Bg7 7. f3 Nc6 8. Qd2
O-O 9. O-O-O d5 10. Kb1 Nxd4 11. e5 Nf5 12. exf6 exf6 13. Bc5 d4 14. Bxf8 Qxf8
15. Nb5 Ne3 16. Rc1 Bh6 17. Qxd4 Nf5 18. Qc3 Bxc1 19. Kxc1 Bd7 20. Bd3 1/2-1/2

[Event "World Cup"]
[Site "Khanty-Mansiysk"]
[Date "2009.11.24"]
[Round "2.1"]
[White "Sakaev, Konstantin"]
[Black "Radjabov, Teimour"]
[Result "1-0"]
[WhiteElo "2626"]
[BlackElo "2748"]
[Annotator "Krasenkow,M"]
[PlyCount "75"]
[EventDate "2009.11.21"]
[EventType "k.o."]
[EventRounds "7"]
[EventCountry "RUS"]
[SourceTitle "CBM 134"]
[Source "ChessBase"]
[SourceDate "2010.01.18"]
[SourceVersion "1"]
[SourceVersionDate "2010.01.18"]
[SourceQuality "1"]

1. d4 Nf6 2. c4 g6 3. Nc3 Bg7 4. e4 d6 5. Nf3 O-O 6. h3 e5 7. d5 Nh5 8. Nd2 (8.
Nh2 {is more appropriate to contain Black's counterplay - see opening survey
in CBM 133.}) 8... Qe8 9. g3 f5 10. Be2 Nf6 11. g4 $5 {An idea of GM Dmitry
Gurevich.} Na6 $1 (11... a5 12. exf5 $5 (12. Nf1 Na6 (12... f4 $5 $11) 13. exf5
gxf5 14. Ng3 {1-0 Agrest,E (2460)-Lejlic,S (2425)/Sollentuna 1995/EXT 1997 (45)
} Qg6 $13) (12. Rg1 Na6 $6 (12... fxg4 13. hxg4 Qf7 14. Rg2 Na6 $15) 13. gxf5
gxf5 14. Nf3 Kh8 15. Ng5 Nc5 16. Be3 Ncxe4 17. Ncxe4 fxe4 18. Qd2 c6 19. O-O-O
cxd5 20. cxd5 Bf5 21. Kb1 $13 {1-0 Gurevich,D (2545)-Shaked,T (2370)/
Philadelphia 1994/EXT 1997 (39)}) 12... gxf5 13. c5 $5 dxc5 14. g5 Nfd7 15. Nc4
$44) (11... fxg4 $5 12. hxg4 a5 $13 (12... Qf7 $143 13. Nf3 $1 Nxg4 14. Rxh7))
12. f3 (12. Nb3 {0-1 Zhurina,E (2220)-Krechetov,A (2325)/Moscow 1996/EXT 1999 
(37)} Nxe4 13. Nxe4 fxe4 14. Qc2 Rf4 $1 $36) 12... Qe7 13. Nf1 Nc5 (13... fxe4
$5 14. fxe4 Nd7 $36 {[%cal Yf8f4]}) 14. Qc2 Ne8 15. Be3 fxe4 16. Nxe4 Nxe4 17.
fxe4 (17. Qxe4 $142 Bh6 $5 $15) 17... Qh4+ 18. Kd2 Nf6 19. Rh2 Bh6 $1 $17 {
Black will now completely dominate on the f-file and dark squares.} 20. Bxh6
Qxh6+ 21. Kc3 Bd7 (21... a5 $17 {[%cal Yf6d7,Yd7c5]}) 22. Bd3 Qf4 23. Kb3 c6 $6
{Black starts playing on the queenside too early and allows White some
consolidation.} (23... h5 24. Rf2 Qh6 $17 {[%csl Rg4,Rh3]}) 24. Rf2 Qh6 (24...
Qg5 25. Qd2) 25. Rf3 Kg7 26. Qg2 Qg5 27. Qd2 $6 (27. Ne3 $142 {[%cal Ya1f1]} b5
$5 $36) 27... Qxd2 28. Nxd2 Rab8 29. a4 a5 30. Raf1 g5 31. R1f2 $5 {With a
hidden idea.} b6 $2 (31... h5 $1 $17) 32. Nf1 $1 {[%cal Rf1g3] Suddenly White
creates a strong threat.} b5 $4 {[%mdl 16384] Black pushes too hard. This move
leads to the exchange od light-squared bishops, and the light squares in
Black's camp become catastrophically weak. Besides, the white king finally
invades Black's queenside.} (32... c5 $4 33. Ng3) ({It was time to switch to
careful defense, which was not too difficult:} 32... h6 33. Ng3 Kg6 34. Nh5 Nh7
$11) 33. axb5 cxb5 34. cxb5 Bxb5 35. Bxb5 Rxb5+ 36. Ka3 Rbb8 $2 (36... Rb4 $142
37. Ng3 Rfb8 38. Rxf6 Rb3+ 39. Ka2 Rxg3 40. Rxd6 Rb4 $1 $16) 37. Ng3 Kg6 (37...
Nd7 38. Rxf8 Rxf8 39. Rxf8 Kxf8 40. Ka4 $18) 38. Nh5 (38. Nh5 Nd7 39. Rxf8 Rxf8
40. Rxf8 Nxf8 41. Ka4 $18) 1-0